Intermediate public economics / (Record no. 83958)

MARC details
000 -LEADER
fixed length control field 00653nam a22002177a 4500
005 - DATE AND TIME OF LATEST TRANSACTION
control field 20150513103416.0
010 ## - LCCN (DPL NO)
LC control number ENG-109848
020 ## - INTERNATIONAL STANDARD BOOK NUMBER
International Standard Book Number 9788120349445
Terms of availability 995.00
035 ## - SYSTEM CONTROL NUMBER
System control number EN-93381
037 ## - SOURCE OF ACQUISITION
Source of stock number/acquisition DBAD/PUB
082 ## - DEWEY DECIMAL CLASSIFICATION NUMBER
Classification number 336
100 ## - MAIN ENTRY--PERSONAL NAME
Personal name Hindriks, Jean
245 00 - TITLE STATEMENT
Title Intermediate public economics /
Statement of responsibility, etc by Jean Hindriks [and] Gareth D.Myles
250 ## - EDITION STATEMENT
Edition statement 2nd ed
260 ## - PUBLICATION, DISTRIBUTION, ETC. (IMPRINT)
Place of publication, distribution, etc New Delhi
Name of publisher, distributor, etc PHI Learing
Date of publication, distribution, etc 2014
270 ## - ADDRESS
Address Rimjhim House,111, Patparganj Industrial Estate
City New Delhi
Postal code 110092
300 ## - PHYSICAL DESCRIPTION
Extent xix,980p. :
Dimensions 24cm(pbk)
Other physical details ill.
500 ## - GENERAL NOTE
General note Includes index
700 ## - ADDED ENTRY--PERSONAL NAME
Personal name Myles, Gareth D.
942 ## - ADDED ENTRY ELEMENTS (KOHA)
Source of classification or shelving scheme Dewey Decimal Classification
Item type English Books
Call number suffix HIN
Classification part 336
Holdings
Withdrawn status Lost status Not for loan Collection code Home library Current library Date acquired Source of acquisition Cost, normal purchase price Full call number Barcode Copy number Cost, replacement price Koha item type
    Not For Loan Non-fiction D.B.Act.Division D.B.Act.Division 05/05/2014 DBAD / PUB 995.00 336 HIN EN-93381 1 995.00 English Books

© Delhi Public Library
Hit Counter
free hit counter